Manual de estructuras ilustrado (Registro nro. 22008)

Detalles MARC
000 -Cabecera
Campo de control interno 00910nam a2200265Ia 4500
005 - Fecha y hora del registro
control field 20260320113333.0
008 - Elementos de Longitud Fija
fixed length control field 260320s9999||||xx |||||||||||||| ||und||
020 ## - ISBN
ISBN 9788425232725
041 ## - Idioma
Codigo Idioma ESP
082 ## - DEWEY y NOTACIÓN INTERNA
Dewey 624.17
Notación Interna CH554
100 ## - AUTOR
Autor denominación Ching, Francis D. K.,
Término de relación autor
245 #0 - TÍTULO DE MATERIAL BIBLIOGRÁFICO
Título Manual de estructuras ilustrado
Título paralelo
246 ## - TÍTULO TRADUCIDO
Título
Título paralelo
Autor
250 ## - EDICIÓN
Edición Segunda edición ampliada
260 ## - CIUDAD, EDITORIAL, AÑO
Ciudad Barcelona :
Nombre de la Editorial GG,
Año 2023
300 ## - DESCRIPCIÓN
N° Páginas vii, 343 páginas :
Otros detalles ilustraciones, tablas ;
Dimensiones 30 cm.
Material Adicional
440 ## - MENCIÓN DE SERIE
Título de la Serie
Número de Serie
Volumen de Serie
650 ## - TEMAS
Temas Tecnología (Ciencias Aplicadas)
653 ## - DESCRIPTORES
Lenguajes no controlado Sistema estructural; Análisis y diseño estructural; Estructuras de edificios
654 ## - PROGRAMAS
Programa Dpto. de Ingeniería Civil
700 ## - OTROS AUTORES
Otros autores
Títulos y otras palabras asociadas con el nombre
856 ## - URL - UBICACIÓN
URI/URL: Enlace exacto del recurso <a href="https://0u21dn296-y-https-ebooks-editorialmacro-com.itmsp.museknowledge.com/library/filter?category=Ingenier%C3%ADa%20y%20Arquitectura">https://0u21dn296-y-https-ebooks-editorialmacro-com.itmsp.museknowledge.com/library/filter?category=Ingenier%C3%ADa%20y%20Arquitectura</a>
Nota pública: Versión digital <a href="Véase además: Base de datos Macro Digital">Véase además: Base de datos Macro Digital</a>
942 ## - ELEMENTOS DE KOHA
Tipo de documento Libro
Nombre del creador Justo Noguera
Código de catalogador Margarita Torres
Esquema de clasificación Dewey Decimal Classification
Suppress in OPAC
Existencias
Codigo completo Registro Colección Copia número Disponibilidad Tipo de préstamo Biblioteca Actual Procedencia (Biblioteca) Ubicacón Fecha Ingreso Tipo de Adquisición Observación Date last seen Total checkouts Price effective from Tipo de Item Estado del Material Fuente de Clasificación Damaged status Withdrawn status
624.17 CH554 1086577 Universidad Católica San Pablo 1 Disponible Disponible Víctor Andrés Belaunde Víctor Andrés Belaunde Segundo piso 10/03/2026 Compra Arquitectura 20/03/2026   20/03/2026 Libro Bueno Dewey Decimal Classification